Catálogo público

Animal science journal (Record no. 81086)

MARC details
000 -CABECERA
campo de control de longitud fija 01365cas a22003857ar4500
005 - FECHA Y HORA DE LA ÚLTIMA TRANSACCIÓN
campo de control 20220329142303.0
008 - DATOS DE LONGITUD FIJA--INFORMACIÓN GENERAL
campo de control de longitud fija 120613c1999 jp zr pernn 0 b1eng d
010 ## - NÚMERO DE CONTROL DE LA BIBLIOTECA DEL CONGRESO
Número de control de LC 81086
011 ## - ENLACE DEL NUMERO DE CONTROL DE LA BIBLIOTECA DEL CONGRESO [OBSOLETO]
Número de control de LC 82058
022 ## - NÚMERO INTERNACIONAL NORMALIZADO PARA PUBLICACIONES SERIADAS
Número Internacional Normalizado para Publicaciones Seriadas 1344-3941
035 ## - NÚMERO DE CONTROL DEL SISTEMA
Número de control de sistema 92543
210 0# - TÍTULO ABREVIADO
Título abreviado Anim. sci. j.
245 00 - MENCIÓN DE TÍTULO
Título Animal science journal
246 11 - FORMA VARIANTE DE TÍTULO
Título propio/Titulo breve Nihon Chikusan Gakkaiho
260 ## - PUBLICACIÓN, DISTRIBUCIÓN, ETC.
Lugar de publicación, distribución, etc. Tokyo :
Nombre del editor, distribuidor, etc. Japanese Society of Zootechnical Science,
Fecha de publicación, distribución, etc. 1999-
300 ## - DESCRIPCIÓN FÍSICA
Extensión v.
362 0# - FECHAS DE PUBLICACIÓN Y/O DESIGNACIÓN SECUENCIAL
Fecha de publicación y/o designación secuencial v.70 n.1, 1999
590 ## - NOTA LOCAL (RLIN)
Nota local BATCH-UPD
Procedencia (VM) [OBSOLETO] 10
Condición del los carretes individuales (VM) [OBSOLETO] 20130110
-- UCH01
-- 0757
590 ## - NOTA LOCAL (RLIN)
Nota local BATCH-UPD
Procedencia (VM) [OBSOLETO] 10
Condición del los carretes individuales (VM) [OBSOLETO] 20130410
-- UCH01
-- 0436
590 ## - NOTA LOCAL (RLIN)
Nota local BATCH-UPD
Procedencia (VM) [OBSOLETO] 10
Condición del los carretes individuales (VM) [OBSOLETO] 20130914
-- UCH01
-- 1502
590 ## - NOTA LOCAL (RLIN)
Nota local CONVERSION
Procedencia (VM) [OBSOLETO] 10
Condición del los carretes individuales (VM) [OBSOLETO] 20130109
-- UCH01
-- 1345
650 04 - PUNTO DE ACCESO ADICIONAL DE MATERIA--TÉRMINO DE MATERIA
Término de materia o nombre geográfico como elemento de entrada Animales domesticos
Subdivisión general Mejoramiento.
9 (RLIN) 5909
650 14 - PUNTO DE ACCESO ADICIONAL DE MATERIA--TÉRMINO DE MATERIA
Término de materia o nombre geográfico como elemento de entrada Ganadería
Subdivisión general Publicaciones periódicas.
9 (RLIN) 44837
780 00 - ENLACE A UN TÍTULO/ENTRADA ANTERIOR
Título Animal Science an Technology
780 00 - ENLACE A UN TÍTULO/ENTRADA ANTERIOR
Título Nippon chikusan gakkai-ho
780 00 - ENLACE A UN TÍTULO/ENTRADA ANTERIOR
Título The Japanese Journal of Zootechnical Science
866 ## - MENCIÓN TEXTUAL DE FONDOS--UNIDAD BIBLIOGRÁFICA BÁSICA
Cadena textual v. 71 n. 1 (2000) - v. 72 n. 10 (2001)
866 ## - MENCIÓN TEXTUAL DE FONDOS--UNIDAD BIBLIOGRÁFICA BÁSICA
Cadena textual v. 73 n. 1 (2002) - v. 73 n. 6 (2002)
866 ## - MENCIÓN TEXTUAL DE FONDOS--UNIDAD BIBLIOGRÁFICA BÁSICA
Cadena textual v. 74 n. 1 (2003) - v. 74 n. 6 (2003)
866 ## - MENCIÓN TEXTUAL DE FONDOS--UNIDAD BIBLIOGRÁFICA BÁSICA
Cadena textual v. 75 n. 1 (2004) - v. 75 n. 6 (2004)
866 ## - MENCIÓN TEXTUAL DE FONDOS--UNIDAD BIBLIOGRÁFICA BÁSICA
Cadena textual v. 77 n. 1 (2006) - v. 77 n. 6 (2006)
866 ## - MENCIÓN TEXTUAL DE FONDOS--UNIDAD BIBLIOGRÁFICA BÁSICA
Cadena textual v. 78 n. 1 (2007) - v. 78 n. 6 (2007)
866 ## - MENCIÓN TEXTUAL DE FONDOS--UNIDAD BIBLIOGRÁFICA BÁSICA
Cadena textual v.70 n.1-10 - (1999)
901 ## - ELEMENTOS DE DATOS A LOCAL LDA (RLIN)
a SE

No items available.